| 000 | 01144nam a2200193Ia 4500 | ||
|---|---|---|---|
| 008 | 090124s9999 xx 000 0 und d | ||
| 082 |
_b32536 _a2265 |
||
| 100 | _aपंडित श्रीनिवास | ||
| 245 | _a थॉट लीडर्स (व्यवस्थाफ व नेते यांच्या मुलाखतींवर आधारित - त्यांच्या कार्याचा | ||
| 250 | _a1 | ||
| 260 | _c2003 | ||
| 300 | _a403 | ||
| 600 | _aपंडित श्रीनिवास | ||
| 630 | _a थॉट लीडर्स (व्यवस्थाफ व नेते यांच्या मुलाखतींवर आधारित - त्यांच्या कार्याचा | ||
| 700 | _a"वकील सुप्रिया, वाडकर विलास" | ||
| 700 | _aपंडित श्रीनिवास | ||
| 730 | _a थॉट लीडर्स (व्यवस्थाफ व नेते यांच्या मुलाखतींवर आधारित - त्यांच्या कार्याचा | ||
| 942 | _cBOOK | ||
| 999 |
_c146015 _d146015 |
||